<?xml version="1.0" encoding="UTF-8"?>
<marc:record xmlns:marc="http://www.loc.gov/MARC21/slim">
   <marc:leader>00000nam a2200000 a 4500</marc:leader>
   <marc:datafield ind1="1" ind2=" " tag="100">
      <marc:subfield code="a">LESLIE MICHAEL</marc:subfield>
      <marc:subfield code="4">aut</marc:subfield>
      <marc:subfield code="e">Verfasser/-in</marc:subfield>
   </marc:datafield>
   <marc:datafield ind1=" " ind2=" " tag="653">
      <marc:subfield code="a">Panem</marc:subfield>
   </marc:datafield>
   <marc:datafield ind1="0" ind2="0" tag="245">
      <marc:subfield code="a">DIE TRIBUTE VON PANEM X</marc:subfield>
   </marc:datafield>
   <marc:datafield ind1="0" ind2="0" tag="245">
      <marc:subfield code="b">THE BALLAD OF SONGBIRDS &amp; SNAKES</marc:subfield>
   </marc:datafield>
   <marc:datafield ind1=" " ind2="1" tag="264">
      <marc:subfield code="b">LEONINE DISTRIBUTION</marc:subfield>
      <marc:subfield code="c">2024</marc:subfield>
   </marc:datafield>
   <marc:datafield ind1="1" ind2=" " tag="520">
      <marc:subfield code="a">Basierend auf der Bestseller-Reihe von Suzanne Collins begeisterten die "Die Tribute von Panem"-Kinofilme weltweit Millionen Fans. Nun erzählt DIE TRIBUTE VON PANEM - THE BALLAD OF SONGBIRDS &amp; SNAKES die Vorgeschichte der Welt von Panem und den Anfang der gefürchteten Hungerspiele. Im Mittelpunkt der Geschichte steht der junge Coriolanus (Tom Blyth), lange bevor er zum Präsidenten von Panem werden sollte. Er ist die letzte Hoffnung für seine einst stolze Familie Snow, die in Ungnade gefallen ist. Als er zum Mentor von Lucy (Rachel Zegler), einem Mädchen aus dem verarmten Distrikt 12, erwählt wird, sieht er die Chance, sein Schicksal zu ändernà Wir sahen den Fall von Präsident Snow. Nun wird die Welt Zeuge seines Aufstiegs.</marc:subfield>
   </marc:datafield>
</marc:record>
